Estado social de derecho y negociación colectiva en el sector público

Đã lưu trong:
Chi tiết về thư mục
Tác giả của công ty: Bolaños Céspedes, Fernando
Định dạng: Texto
Được phát hành: San José: Litografía e Imprenta LIL
Những chủ đề:
Các nhãn: Thêm thẻ
Không có thẻ, Là người đầu tiên thẻ bản ghi này!

MARC

LEADER 00000 a a2200000 04500
001 28193
003
040
020 |a 9977-47-088  
090 |a 187803  
110 |a Bolaños Céspedes, Fernando  
245 |a Estado social de derecho y negociación colectiva en el sector público  
260 |a San José:   |b Litografía e Imprenta LIL  
300 |a 123 p  
650 |a ESTADO  
650 |a COSTA RICA  
999 |c 17172  |d 17172